Los cuentos en manos de las chicas y los chicos que están aprendiendo a leer / (Registro nro. 32585)
[ vista simple ]
| 000 -CABECERA | |
|---|---|
| campo fijo de control de longitud | 01463nab a2200277 4500 |
| 003 - IDENTIFICADOR DEL NÚMERO DE CONTROL | |
| campo de control | AR-RoBPED |
| 005 - FECHA Y HORADE LA ULTIMA TRANSACCION | |
| campo de control | 20260421105710.0 |
| 008 - ELEMENTOS DE LONGITUD FIJA--INFORMACION GENERAL | |
| campo fijo de control de longitud | 260421b |||||||| |||| 00| 0 spa d |
| 040 ## - FUENTE CATALOGADORA | |
| Centro catalogador/agencia de origen | AR-RoBPED |
| 041 ## - IDIOMA | |
| Código de idioma para texto/pista de sonido o título independiente | spa |
| 100 1# - ENCABEZAMIENTO PRINCIPAL--AUTOR PERSONAL | |
| Nombre de persona | Lobello, Silvia |
| 9 (RLIN) | 30774 |
| Función | Licenciada en Ciencias de la Educación |
| 245 14 - TITULO | |
| Título | Los cuentos en manos de las chicas y los chicos que están aprendiendo a leer / |
| 260 ## - PUBLICACION | |
| Lugar | Buenos Aires : |
| Editor | Noveduc, |
| Fecha | 2024 |
| 300 ## - DESCRIPCION FISICA | |
| Extensión | 21-27 p. |
| 500 ## - NOTA GENERAL | |
| Nota general | Desde una concepción de lectura que sostiene que leer es comprender, las autoras se refieren a las condiciones didácticas, textos y situaciones de enseñanza que propician la lectura de los chicos por sí mismos en torno a lo literario y dan cuenta de propuestas específicas y contextualizadas en donde ellos resuelven desafíos de lectura con intervención deliberada y sostenida de la o el docente. |
| 650 #7 - TERMINO DE MATERIA--CONTROLADO | |
| Término controlado | ENSEÑANZA DE LA LECTURA |
| 9 (RLIN) | 158 |
| Término controlado | NIÑOS |
| 9 (RLIN) | 62 |
| Término controlado | LECTURA EN VOZ ALTA |
| 9 (RLIN) | 19152 |
| Término controlado | ENSEÑANZA |
| 9 (RLIN) | 342 |
| Término controlado | CUENTOS |
| 9 (RLIN) | 291 |
| 700 1# - ENCABEZAMIENTO SECUNDARIO--AUTOR PERSONAL | |
| Nombre de persona | Paione, Alejandra |
| 9 (RLIN) | 22448 |
| Función | Profesora en Ciencias de la Educación |
| Nombre de persona | Storino, Sandra |
| 9 (RLIN) | 30775 |
| Función | Licenciada en Enseñanza de las Prácticas de la Lectura y de la Escritura |
| 773 0# - DOCUMENTO FUENTE | |
| Host Biblionumber | 20414 |
| Host Itemnumber | 41862 |
| Place, publisher, and date of publication | Buenos Aires : Noveduc, 1993- |
| Título | Novedades Educativas |
| Record control number | (AR-RoBPED)20414 |
| International Standard Serial Number | 03283534 |
| 942 ## - ELEMENTOS KOHA | |
| Fuente de clasificación | Universal Decimal Classification |
| Koha tipo de ítem | Revistas |
| Clasificación | 37(05) |
| Signatura librística | Nov 86 N° 399 (Nov.2024) |
| Número Koha | k.32585 |
| 945 ## - PROCESAMIENTO DE LA INFORMACIÓN LOCAL | |
| Catalogador y fecha | mar 04/2026 |
No hay ítems disponibles.